Daenerys' Titles Quiz Stats

Quiz Updated Dec 6, 2017

Challenge
Share
Tweet
Embed
Score 0/48 Timer 05:00
5 Plays Today
% Correct
of
94.5%
of
94.5%
of
94.5%
of
94.5%
of
94.5%
of
94.5%
of
94.5%
of
94.5%
of
94.5%
Mother
90.5%
the
89.1%
the
89.1%
the
89.1%
the
89.1%
the
89.1%
the
89.1%
the
89.1%
the
89.1%
the
89.1%
Dragons,
88.9%
Queen
88.3%
Queen
88.3%
Daenerys
86.6%
Stormborn
86.2%
% Correct
Targaryen,
85.5%
House
80.5%
and
77%
and
77%
First
74.1%
First
74.1%
Her
71.2%
Name,
70.5%
Khaleesi
69.6%
Andals
69.6%
Men,
67.2%
Breaker
67.2%
Shackles.
66.8%
Seven
59.1%
Kingdoms,
58.5%
Meereen,
54%
Sea,
53.4%
Unburnt,
50.1%
Great
50%
Grass
49%
Protector
44.7%
Rhoynar
44.3%
Realm,
43.9%
Lord
36.7%

You're not logged in!

Compare scores with friends on all Sporcle quizzes.
Sign Up with Email
OR
Log In

You Might Also Like...

Show Comments

Extras

Top Quizzes Today


Score Distribution

Your Account Isn't Verified!

In order to create a playlist on Sporcle, you need to verify the email address you used during registration. Go to your Sporcle Settings to finish the process.